| 000 | 00666nam a22002172 4500 | ||
|---|---|---|---|
| 001 | 0000011939 | ||
| 005 | 20151217152103.0 | ||
| 008 | 090122s xx 000 0 eng d | ||
| 020 | _a0761949718 : | ||
| 040 |
_aKABU _cKABU |
||
| 100 | 1 |
_aD'Cruz, Heather. _@0000168009 |
|
| 245 | 1 | 0 |
_aSocial work research : _bethical and political contexts / _cHeather D'Cruz and Martyn Jones. |
| 250 | _a1st ed. | ||
| 260 |
_aLondon : _bSage, _c2004. |
||
| 300 | _avii, 194 p. | ||
| 650 | 0 |
_aSocial service _xResearch. _@0000168010 |
|
| 700 | 1 |
_aJones, Martyn. _@0000168011 |
|
| 852 | 1 | _9p3050 KES | |
| 908 | _a090122 | ||
| 950 | _@1 | ||
| 999 |
_c8101 _d8101 |
||